The tradegy of Bihar / (Record no. 127780)

MARC details
000 -LEADER
fixed length control field 00712nam a22002297a 4500
005 - DATE AND TIME OF LATEST TRANSACTION
control field 20170124110030.0
010 ## - LIBRARY OF CONGRESS CONTROL NUMBER
LC control number A-779880
020 ## - INTERNATIONAL STANDARD BOOK NUMBER
Terms of availability 00.00
International Standard Book Number 8185445974
035 ## - SYSTEM CONTROL NUMBER
System control number A-779880
037 ## - SOURCE OF ACQUISITION
Source of stock number/acquisition Cen Lib/Ret
040 ## - CATALOGING SOURCE
Original cataloging agency dpl
Language of cataloging EN
082 ## - DEWEY DECIMAL CLASSIFICATION NUMBER
Classification number 338.95453
Item number PRA
100 ## - MAIN ENTRY--PERSONAL NAME
Personal name Prasad, Pradhan H.
9 (RLIN) 21524
245 ## - TITLE STATEMENT
Title The tradegy of Bihar /
Statement of responsibility, etc by Pradhan H.Prasad;edited by Meera Datta
260 ## - PUBLICATION, DISTRIBUTION, ETC. (IMPRINT)
Name of publisher, distributor, etc Manak Publications
Date of publication, distribution, etc 1996
Place of publication, distribution, etc New Delhi
270 ## - ADDRESS
Address G-19, Vijay Chowk, Laxmi Nagar
City New Delhi
Postal code 110092
300 ## - PHYSICAL DESCRIPTION
Extent viii,207p.
Dimensions 20cm(Hb)
650 ## - SUBJECT ADDED ENTRY--TOPICAL TERM
Topical term or geographic name as entry element Bihar.
9 (RLIN) 21525
650 ## - SUBJECT ADDED ENTRY--TOPICAL TERM
Topical term or geographic name as entry element Economic condition of Bihar.
9 (RLIN) 21526
700 ## - ADDED ENTRY--PERSONAL NAME
Personal name Datta, Meera
9 (RLIN) 21527
942 ## - ADDED ENTRY ELEMENTS (KOHA)
Source of classification or shelving scheme Dewey Decimal Classification
Koha item type English Books
Classification part 338.95453
Call number suffix PRA
Holdings
Withdrawn status Lost status Damaged status Not for loan Home library Current library Date acquired Source of acquisition Cost, normal purchase price Total Checkouts Full call number Barcode Date last seen Copy number Cost, replacement price Price effective from Koha item type Public note
Written off       Central Library Central Library 30/06/2015 Cen Lib/Ret 0.00   338.95453 PRA A-779880 30/06/2015 1 0.00 30/06/2015 English Books Written off on approval by DLB (By Circulation); dtd 15-06-2023

© Delhi Public Library
Hit Counter
free hit counter